000 00828 a2200205 4500
005 20080925111840.0
008 080925t xxu||||| |||| 00| 0 eng d
010 _aENG-87888
020 _c795.00
_a8190454667
035 _aEN-71421
037 _bD.B.Act / Pub
082 _a579.17
100 _aJay, M.
245 _aEnvironmental microbiology and biotechnology/
_cby M. Jay
260 _aDelhi
_bSwastik Publishers & Distributors
_c2007
270 _a31, Gali No. 1, A Block, Pocket 5, CRP Water Tank, Sonia Vihar
_bDelhi
_e110 094
_k9899462604
300 _axii, 329 p.
_c22 cm. (Hb.)
942 _adpl
_cEN
_k579.17 / JAY
_2ddc
_h579.17
_mJAY
999 _c7261
_d7261